000 00486nam a2200157 i 4500
001 80265
003 ES-MaACL
005 20230906174157.0
007 t|
008 041027s1958 sp ||||1| spa d
245 0 0 _aHistoria general del Arte /
_ctextos de Georges Contenau... [et al.].
260 _aBarcelona :
_bMontaner y Simón,
_c[1958] (
_fRieusset)
300 _a2 v., 44 lám. :
_bil. ;
_c29 cm.
700 1 _aContenau, Georges.
_940277
852 _aES-MaACL
_jC-17594-5
_bR.45541
999 _c80265
_d80265